000 01008nam a2200265Ia 4500
003 OSt
005 20221005105154.0
006 a|||||r|||| 00| 0
007 ta
008 221004b |||||||| |||| 00| 0 hin d
020 _a9788179757161 (hbk)
_c995
024 _a26333
037 _b19, 17/03/2016, P. K. Books
_cTextual
040 _aCRL
_cCRL
_bhin
041 _2hin
_ahin
082 _aD65,8(B):71FB, 152Q6
100 _aमाहेश्वरी, अरूण
245 0 _aतूफानी वर्ष 2014 और फेसबुक की इबारतें
246 _aTūfānī varṣha 2014 aur fesabuk kī ibāratean
260 _aनई दिल्ली
_bअनामिका पब्लिशर्स भारत
_c2016
300 _a420पृ0
_ccm.
650 _aकम्प्यूटर
942 _hD65,8(B):71FB, 152Q6
_cTEXL
_2cc
999 _c1015000
_d1015000